000 00313nam a22001337a 4500
008 170831b xxu||||| |||| 00| 0 eng d
020 _a9780495006206
041 _aeng
080 _26TH
_a047
100 _a40
101 _aMED
245 _aINTERNTIONAL INTERVIEWING AND COUNSELING
_cIVEY,A.E
942 _2udc
_cBK
999 _c25863
_d25863